Central Library OPAC University of Rajshahi

Recent progress in surface science / (Record no. 70456)

MARC details
000 -LEADER
fixed length control field 00790nam a2200241 a 4500
001 - CONTROL NUMBER
control field 70456
003 - CONTROL NUMBER IDENTIFIER
rucl marc code BD-RjUL
005 - DATE AND TIME OF LATEST TRANSACTION
control field 20211209082014.0
008 - FIXED-LENGTH DATA ELEMENTS--GENERAL INFORMATION
fixed length control field 17041 s1964 uk a 001 0 eng d
035 ## - SYSTEM CONTROL NUMBER
System control number (BD-RjUL)70670
040 ## - CATALOGING SOURCE
Original cataloging agency BD-RjUL
Language of cataloging eng
Transcribing agency BD-RjUL
Modifying agency BD-RjUL
041 ## - LANGUAGE CODE
Language code of text/sound track or separate title eng
082 ## - DEWEY DECIMAL CLASSIFICATION NUMBER
Classification number 541.33
Edition number 23
Author mark and year REC 1964
245 00 - TITLE STATEMENT
Title Recent progress in surface science /
Statement of responsibility, etc. edited by J.F. Danielli, K.G.A. Pankhurst and A.C. Riddiford
260 ## - PUBLICATION, DISTRIBUTION, ETC. (IMPRINT)
Place of publication, distribution, etc. New York ;
-- London :
Name of publisher, distributor, etc. Academic Press,
Date of publication, distribution, etc. c1964.
300 ## - PHYSICAL DESCRIPTION
Pagination v. :
Illustrations ill. ;
Size 24 cm.
500 ## - GENERAL NOTE
General note Includes index
650 #0 - SUBJECT ADDED ENTRY--TOPICAL TERM
Topical term or geographic name as entry element Surface chemistry
9 (RLIN) 162403
700 1# - ADDED ENTRY--PERSONAL NAME
Personal name Danielli, J. F.
Fuller form of name (James Frederic),
Dates associated with a name 1911-1984
Personal name Pankhurst, Kenneth George Alfred.
Personal name Riddiford, A. C.
942 ## - ADDED ENTRY ELEMENTS (KOHA)
Source of classification or shelving scheme Dewey Decimal Classification
Koha item type Books
Holdings
Lost status Source of classification or shelving scheme Damaged status Not for loan Collection code Permanent Location Current Location Shelving location Date acquired Source of acquisition Total Checkouts Full call number Date last seen Copy number Koha item type
  Dewey Decimal Classification   Not For Loan Non-fiction Central Library, University of Rajshahi Central Library, University of Rajshahi Reading Room 10/01/1979 W.U.S.   541.33 REC 1964 17/04/2017 C-1 Books